| 000 | 00786cam a2200289 4500 | ||
|---|---|---|---|
| 001 | ABS68516 | ||
| 008 | 041202n2004 000 0 eng u | ||
| 035 | _a(Sirsi) u128171 | ||
| 245 | _aFocus 1: South Wiltshire, Hampshire and Dorset | ||
| 260 | _c2004 | ||
| 490 |
_aEstates Gazette _v(0447) 20 November 2004, 73-103(10) |
||
| 590 | _aABS | ||
| 590 | _aABS | ||
| 650 | _aSOUTH WILTSHIRE | ||
| 650 | _aHAMPSHIRE | ||
| 650 | _aDORSET | ||
| 650 | _aPORTSMOUTH | ||
| 650 | _aBOURNEMOUTH | ||
| 650 | _aBASINGSTOKE | ||
| 650 | _aSOUTHAMPTON | ||
| 650 | _aM27 CORRIDOR | ||
| 650 | _aPROPERTY-COMMERCIAL PROPERTY-RETAIL PROPERTY-RETAIL PROPERTY MARKET | ||
| 650 | _aOFFICE MARKET | ||
| 650 | _aINDUSTRIAL MARKET | ||
| 690 | _aCOMMERCIAL PROPERTY-MARKET | ||
| 942 | _n0 | ||
| 999 |
_c118388 _d118388 |
||